| 000 | 00860nam a2200265 a 4500 | ||
|---|---|---|---|
| 001 | 66722 | ||
| 003 | BD-RjUL | ||
| 005 | 20211209081554.0 | ||
| 008 | 170319s2000 nyua b 001 0 eng d | ||
| 020 | _a0849318874 (alk. paper) | ||
| 035 | _a(BD-RjUL) 66853 | ||
| 040 |
_cBD-RjUL _dBD-RjUL _beng _aBD-RjUL |
||
| 041 | _aeng | ||
| 082 | 0 | 0 |
_a615.321 _223 _bBIO 2000 |
| 245 | 0 | 0 |
_aBiologically active natural products : _bpharmaceuticals / _cedited by Stephen J. Cutler, Horace G. Cutler. |
| 260 |
_aBoca Raton, FL : _bCRC Press, _cc2000. |
||
| 300 |
_a277 p. : _bill. ; _c27 cm. |
||
| 504 | _aIncludes bibliographical references and index. | ||
| 650 | 0 |
_aPharmacognosy. _941021 |
|
| 650 | 0 |
_aNatural products. _932793 |
|
| 700 | 1 |
_aCutler, Stephen J. _9197519 |
|
| 700 | 1 |
_aCutler, Horace G., _d1932- _9197520 |
|
| 942 |
_2ddc _cBK |
||
| 999 |
_c66722 _d66722 |
||